Axiomatique de Peano
Αποθηκεύτηκε σε:
| Κύριος συγγραφέας: | |
|---|---|
| Μορφή: | Βιβλίο |
| Γλώσσα: | French |
| Δημοσίευση: |
[Montreal] :
[Holt, Reinehart et Winston],
[1970]
|
| Θέματα: | |
| Ετικέτες: |
Προσθήκη ετικέτας
Δεν υπάρχουν, Καταχωρήστε ετικέτα πρώτοι!
|
MARC
| LEADER | 00000cam a2200000 a 4500 | ||
|---|---|---|---|
| 001 | 1/106689 | ||
| 008 | 150603s1970####cn | ||| |||| ||fre|| | ||
| 040 | |a GR-MyUa |b gre |c GR-MyUa |e AACR2 | ||
| 041 | 0 | |a fre | |
| 082 | 7 | |a 511.3 |2 (23) | |
| 100 | 1 | |a Hervieux, Maurice, |d 1942- | |
| 245 | 1 | 0 | |a Axiomatique de Peano / |c Maurice Hervieux. |
| 260 | |a [Montreal] : |b [Holt, Reinehart et Winston], |c [1970] | ||
| 300 | |a 35 σ. ; |c 23 εκ. | ||
| 650 | 0 | |a Axioms. | |
| 650 | 0 | |a Arithmetic. | |
| 852 | |a INST |b SAMOS |c MAG |e 20150603 |h 511.3 HER |p 005300035079 |q 005300035079 |t BK |y 0 | ||
| 970 | |a Σιτζίμη |b Γιασεμή |z 03/06/2015 | ||